00601nam a2200157Ia 4500008004100000100002700041245009900068245004800167260005300215260001300268300000800281650001500289856004700304999001900351952007300370170221s9999 xx 000 0 und d aNurhazani Mohd Shariff aDeveloping International Migrant Labors Pattern: The Case of Tourism and Hospitality Industry  cNurhazani Mohd Shariff, Azlan Zainol Abidin bInternational Review of Management and Marketing cMay 2016 a5:2 xMarketing. uhttp://www.econjournals.com/index.php/irmm c309908d309908 001040aCLbCLd2017-02-21l0r2017-02-21 00:00:00w2017-02-21yFOJ